|
|
|
|
| LEADER |
00000nam0a2200000 4500 |
| 001 |
296919 |
| 005 |
20231102000945.0 |
| 020 |
|
|
|a RU
|b 84-46417
|
| 035 |
|
|
|a (RuTPU)RU\TPU\book\322039
|
| 090 |
|
|
|a 296919
|
| 100 |
|
|
|a 20150604d1984 km y0rusy5003 ca
|
| 101 |
0 |
|
|a rus
|
| 102 |
|
|
|a RU
|
| 105 |
|
|
|a a z 000zb
|
| 200 |
1 |
|
|a Ленин - товарищ, человек
|e сборник
|f сост. Н. В. Бычкова
|
| 205 |
|
|
|a 5-е изд., доп.
|
| 210 |
|
|
|a Москва
|c Политиздат
|d 1984
|
| 215 |
|
|
|a 352 с.
|c 6 л. ил.
|
| 600 |
|
1 |
|a Ленин
|b В. И.
|c настоящая фамилия Ульянов
|c российский политический деятель
|f 1870-1924
|g Владимир Ильич
|2 stltpush
|3 (RuTPU)RU\TPU\pers\1074
|9 486
|
| 606 |
1 |
|
|a Ленин В. И.
|x Жизнь и деятельность
|x Деловой стиль
|x Концепции
|x Философские взгляды
|2 stltpush
|3 (RuTPU)RU\TPU\subj\75568
|9 87284
|
| 610 |
1 |
|
|a письма
|
| 610 |
1 |
|
|a письма
|
| 610 |
1 |
|
|a записки
|
| 610 |
1 |
|
|a резолюции
|
| 610 |
1 |
|
|a воспоминания
|
| 686 |
|
|
|a Т3(2)6-8Ленин352
|2 rubbk
|
| 702 |
|
1 |
|a Бычкова
|b Н. В.
|g Нина Викторовна
|4 220
|
| 801 |
|
0 |
|a RU
|b RuMRKP
|c 19950704
|g psbo
|
| 801 |
|
1 |
|a RU
|b 63413507
|c 20150604
|
| 801 |
|
2 |
|a RU
|b 63413507
|c 20190121
|g RCR
|
| 942 |
|
|
|c BK
|